| Tag |
First Indicator |
Second Indicator |
Subfields |
| LEADER |
00000cam a22000001 4500 |
| 001 |
in00004471613 |
| 005 |
20191202143044.0 |
| 008 |
711028s1966 mdua b 00100 eng |
| 010 |
|
|
|a 66027592
|
| 035 |
|
|
|a (OCoLC)00551292
|
| 035 |
|
|
|9 AAD8030MS
|
| 035 |
|
|
|z (UtOrBLW)11470
|
| 035 |
|
|
|a 21200
|
| 040 |
|
|
|a DLC
|c DLC
|d WSM
|d m.c.
|d TMV
|d UtOrBLW
|
| 049 |
|
|
|a TMVM
|c 1 [465201]
|
| 059 |
|
|
|l MS/REF STACKS
|z 1
|t BOOK
|k NON-CIRCULATING
|i 323890000716$
|j 465201
|n NL
|a QH 307
|b E61 1966
|
| 059 |
|
|
|l SW/BK STKS
|t BOOK
|k CIRCULATING
|i 354680005997D
|n NL
|a QH 307
|b AL7E 1966
|
| 060 |
|
0 |
|a QH 307
|b E61 1966
|
| 060 |
|
4 |
|a QH 307
|b A7e 1966
|
| 100 |
1 |
|
|a Altman, Philip L.
|
| 245 |
1 |
0 |
|a Environmental biology /
|c compiled and edited by Philip L. Altman and Dorothy S. Dittmer ; prepared under the auspices of the Committee on Biological Handbooks.
|
| 264 |
|
1 |
|a Bethesda, Md. :
|b Federation of American Societies for Experimental Biology,
|c [1966]
|
| 264 |
|
4 |
|c ©1966
|
| 300 |
|
|
|a xxi, 694 pages :
|b illustrations ;
|c 29 cm.
|
| 336 |
|
|
|a text
|2 rdacontent
|b txt
|
| 337 |
|
|
|a unmediated
|2 rdamedia
|
| 338 |
|
|
|a volume
|2 rdacarrier
|b nc
|
| 490 |
1 |
|
|a Biological handbooks
|
| 504 |
|
|
|a Includes bibliographies and index.
|
| 650 |
|
2 |
|a Biology
|v Tables.
|
| 650 |
|
2 |
|a Environment
|v Tables.
|
| 700 |
1 |
|
|a Altman, Philip L.
|
| 700 |
1 |
|
|a Katz, Dorothy Dittmer.
|
| 710 |
2 |
|
|a Federation of American Societies for Experimental Biology.
|b Committee on Biological Handbooks.
|
| 830 |
|
0 |
|a Biological handbooks.
|
| 940 |
|
|
|a copy plain,465201
|
| 940 |
|
|
|a 55
|
| 999 |
|
|
|a MARS
|
| 999 |
f |
f |
|s 8a522e48-77b3-3a0b-9723-82f98d22c5be
|i 11b86d64-2ebc-3db5-9094-73a922b61461
|t 0
|
| 952 |
f |
f |
|p ric
|a Texas A&M University
|b Rellis Campus
|c Joint Library Facility
|d Remote Storage
|t 0
|e QH 307 E61 1966
|h National Library of Medicine classification
|i unmediated -- volume
|m 3238900961132
|
| 998 |
f |
f |
|a QH 307 E61 1966
|t 0
|l Remote Storage
|